书目信息 |
| 题名: |
如何帮助学生适应新环境
|
|
| 作者: | 孙道荣 著 | |
| 分册: | ||
| 出版信息: | 长春 吉林文史出版社 2012 |
|
| 页数: | 184页 | |
| 开本: | 24cm | |
| 丛书名: | ||
| 单 册: | ||
| 中图分类: | G635.5 | |
| 科图分类: | ||
| 主题词: | 中学生--心理交往--中学教师--继续教育--教材 , 中学生 , 心理交往 | |
| 电子资源: | ||
| ISBN: | 978-7-5472-1118-2 | |
| 000 | 00893nam0 2200277 450 | |
| 001 | 2354134319 | |
| 005 | 20231215161816.08 | |
| 010 | @a978-7-5472-1118-2@dCNY 39.80 | |
| 090 | @aG635@bsdr | |
| 096 | @aG635@bsdr | |
| 100 | @a20130129d2012 em y0chiy0120 ea | |
| 101 | 0 | @achi |
| 102 | @aCN@b220000 | |
| 105 | @ay z 000yy | |
| 200 | 1 | @a如何帮助学生适应新环境@b专著@f孙道荣著@Aru he bang zhu xue sheng shi ying xin huan jing |
| 210 | @a长春@c吉林文史出版社@d2012 | |
| 215 | @a184页@d24cm | |
| 300 | @a引航家庭教育 | |
| 330 | @a本书内容包括:一年级新生的入学适应、初一新生的入学适应、高一新生的入学适应、对家庭环境改变的适应、对学校环境改变的适应。 | |
| 606 | 0 | @a中学生@x心理交往@x中学教师@x继续教育@j教材 |
| 606 | 0 | @a中学生 |
| 606 | 0 | @a心理交往 |
| 690 | @aG635.5@v5 | |
| 701 | 0 | @a孙道荣@4著@Asun dao rong |
| 801 | 2 | @aCN@b辽宁北配@c20231205 |
| 905 | @aZUCC@dG635.5@e13 | |
| 如何帮助学生适应新环境/孙道荣著.-长春:吉林文史出版社,2012 |
| 184页;24cm |
| 引航家庭教育 |
| ISBN 978-7-5472-1118-2:CNY 39.80 |
| 本书内容包括:一年级新生的入学适应、初一新生的入学适应、高一新生的入学适应、对家庭环境改变的适应、对学校环境改变的适应。 |
| ● |
| 相关链接 |
|
|
|
正题名:如何帮助学生适应新环境
索取号:G635.5/13
 
预约/预借
| 序号 | 登录号 | 条形码 | 馆藏地/架位号 | 状态 | 备注 |
| 1 | 2001204997 | 2001204997 | 320书库/ [索取号:G635.5/13] | 在馆 | |
| 2 | 2001204998 | 2001204998 | 320书库/ [索取号:G635.5/13] | 在馆 | |
| 3 | 2001204999 | 2001204999 | 320书库/ [索取号:G635.5/13] | 在馆 | |
| 4 | 2001205000 | 2001205000 | 320书库/ [索取号:G635.5/13] | 在馆 | |
| 5 | 2001205001 | 2001205001 | 320书库/ [索取号:G635.5/13] | 在馆 | |
| 6 | 2001205002 | 2001205002 | 320书库/ [索取号:G635.5/13] | 在馆 | |
| 7 | 2001205003 | 2001205003 | 320书库/ [索取号:G635.5/13] | 在馆 | |
| 8 | 2001205004 | 2001205004 | 320书库/ [索取号:G635.5/13] | 在馆 | |
| 9 | 2001205005 | 2001205005 | 320书库/ [索取号:G635.5/13] | 在馆 | |
| 10 | 2001205006 | 2001205006 | 320书库/ [索取号:G635.5/13] | 在馆 | |
| 11 | 2001205007 | 2001205007 | 320书库/ [索取号:G635.5/13] | 在馆 | |
| 12 | 2001205008 | 2001205008 | 320书库/ [索取号:G635.5/13] | 在馆 | |
| 13 | 2001205009 | 2001205009 | 320书库/ [索取号:G635.5/13] | 在馆 | |
| 14 | 2001205010 | 2001205010 | 320书库/ [索取号:G635.5/13] | 在馆 | |
| 15 | 2001205011 | 2001205011 | 320书库/ [索取号:G635.5/13] | 在馆 | |
| 16 | 2001205012 | 2001205012 | 320书库/ [索取号:G635.5/13] | 在馆 | |
| 17 | 2001205013 | 2001205013 | 320书库/ [索取号:G635.5/13] | 在馆 | |
| 18 | 2001205014 | 2001205014 | 320书库/ [索取号:G635.5/13] | 在馆 | |
| 19 | 2001205015 | 2001205015 | 320书库/ [索取号:G635.5/13] | 在馆 | |
| 20 | 2001205016 | 2001205016 | 320书库/ [索取号:G635.5/13] | 在馆 | |
| 21 | 2001205017 | 2001205017 | 320书库/ [索取号:G635.5/13] | 在馆 | |
| 22 | 2001205018 | 2001205018 | 320书库/ [索取号:G635.5/13] | 在馆 | |
| 23 | 2001205019 | 2001205019 | 320书库/ [索取号:G635.5/13] | 在馆 | |
| 24 | 2001205020 | 2001205020 | 320书库/ [索取号:G635.5/13] | 在馆 | |
| 25 | 2001205021 | 2001205021 | 320书库/ [索取号:G635.5/13] | 在馆 | |
| 26 | 2001205022 | 2001205022 | 320书库/ [索取号:G635.5/13] | 在馆 | |
| 27 | 2001205023 | 2001205023 | 320书库/ [索取号:G635.5/13] | 在馆 | |
| 28 | 2001205024 | 2001205024 | 320书库/ [索取号:G635.5/13] | 在馆 | |
| 29 | 2001205025 | 2001205025 | 320书库/ [索取号:G635.5/13] | 在馆 | |
| 30 | 2001205026 | 2001205026 | 320书库/ [索取号:G635.5/13] | 在馆 |